000 00420nam a22001817a 4500
003 OSt
005 20250916155612.0
008 250916b |||||||| |||| 00| 0 eng d
020 _a9787936640816
082 _a658.4
_bSWAY
100 _aSwarup,Anil
245 _aYou can make it happen
260 _aNew Delhi
_bUnique Publishers
300 _a255P.
546 _aEnglish
651 _aManagement
942 _2ddc
_cBK
999 _c3861
_d3861